| 000 | 00748nam a2200229 i 4500 | ||
|---|---|---|---|
| 001 | 105528 | ||
| 003 | ES-MaACL | ||
| 007 | t| | ||
| 008 | 060724s1970 fr ||||1| fre d | ||
| 080 | _a94(47+57)"1905/07" | ||
| 100 | 1 |
_aTrotsky, Leon, _d1879-1940 _9240350 |
|
| 245 | 1 | 0 |
_aNos tâches politiques / _cLéon Trotsky ; traduction revue et corrigée par Boris Fraenkel. |
| 260 |
_aParis : _bPierre Belfond, _c[1970] |
||
| 300 |
_a256 p. ; _c21 cm. |
||
| 490 | 1 | _aChanger la vie | |
| 500 | _aBiblioteca Juan Andrade. | ||
| 651 | 4 |
_aRusia- _xHistoria- _y1905-1907, Revolución. _99335 |
|
| 700 | 1 |
_aFraenkel, Boris. _952062 |
|
| 830 | 0 |
_aChanger la vie _9232740 |
|
| 852 |
_aES-MaACL _jAND-329 _bR.109634 |
||
| 999 |
_c105528 _d105528 |
||